Darts Players with a PDC Major Win since 2011 - Statistics

General Stats
  • This quiz has been taken 353 times
  • The average score is 22 of 31
Answer Stats
Hint Answer % Correct
Netherlands Michael van Gerwen
98%
Wales Gerwyn Price
97%
Scotland Peter Wright
95%
Scotland Gary Anderson
94%
England Phil Taylor
94%
England Luke Littler
90%
Netherlands Raymond van Barneveld
90%
Wales Johnny Clayton
88%
England Luke Humphries
87%
England Michael Smith
87%
Australia Simon Whitlock
87%
Belgium Dimitri van den Bergh
86%
Australia Damon Heta
85%
England Ross Smith
85%
Portugal Jose de Sousa
81%
Northern Ireland Daryl Gurney
79%
Belgium Mike de Decker
78%
England Rob Cross
76%
Austria Mensur Suljovic
74%
England Adrian Lewis
73%
England James Wade
68%
England Nathan Aspinall
68%
Netherlands Danny Noppert
66%
England Stephan Bunting
66%
England Chris Dobey
61%
England Joe Cullen
46%
England Richie Edhouse
46%
England Andrew Gilding
44%
England Glen Durrant
21%
England Kevin Painter
13%
Scotland Robert Thorton
9%
No matching quizzes found
Score Distribution
Percent of People with Each Score
Percentile by Number Answered
Your Score History
You have not taken this quiz